000 00356nam a2200145Ia 4500
008 230917s9999||||xx |||||||||||||| ||und||
040 _e137502
_aMAIN
041 _aEnglish
082 _a658.3 M311P
100 _aMamoria, C B
245 0 _aPersonnel management
260 _aMumbai
_bHimalaya Publishing House
_c1997
300 _a978p p.
942 _cBK
999 _c102138
_d102138